La roche tremblante (Record no. 152025)

MARC details
000 -LEADER
campo de control de longitud fija 00600nam a22001575i 4500
001 - NÚMERO DE CONTROL
campo de control 152025
003 - IDENTIFICADOR DE NÚMERO DE CONTROL
campo de control ES-MaACL
005 - FECHA Y HORA DE LA ÚLTIMA TRANSACCIÓN
campo de control 20230906204511.0
008 - DATOS DE LONGITUD FIJA--INFORMACIÓN GENERAL
campo de control de longitud fija 051007s1859 fr | |||||||| ||fre d
040 ## - FUENTE DE CATALOGACIÓN
Centro catalogador/agencia de origen CAM
Lengua de catalogación spa
Centro/agencia transcriptor CAM
100 1# - ENTRADA PRINCIPAL--NOMBRE DE PERSONA
Nombre de persona Berthet, Elie.
9 (RLIN) 28448
245 13 - MENCIÓN DEL TÍTULO
Título La roche tremblante
Resto del título ; Le premier hareng ; Le chasseur de Marmottes ; Les deux mourants /
Mención de responsabilidad, etc. Élie Berthet.
260 ## - PUBLICACIÓN, DISTRIBUCIÓN, ETC.
Lugar de publicación, distribución, etc. Paris :
Nombre del editor, distribuidor, etc. Librairie Nouvelle :
-- A. Bourdillat et Cie.,
Fecha de publicación, distribución, etc. 1859 (
Fabricante Imprimerie de la Librairie Nouvelle, A. Bourdillat)
300 ## - DESCRIPCIÓN FÍSICA
Extensión 282 p. ;
Dimensiones 19 cm.
852 ## - LOCALIZACIÓN
Ubicación ES-MaACL
Número de control de estantería G-7853
Nota libre -- Enc. pasta española
Holdings
Estatus retirado Estado de pérdida Estado de daño No para préstamo Colección Biblioteca de origen Biblioteca actual Ubicación en estantería Fecha de adquisición Fuente de adquisición Total de préstamos Signatura topográfica completa Código de barras Visto por última vez Precio de reemplazo Tipo de ítem Koha
        Libros del s. XIX Biblioteca del Ateneo de Madrid Biblioteca del Ateneo de Madrid Sala Pecera Planta 3 17/01/2008     G-7853 1158685 23/02/2023 23/02/2023 Libro impreso antiguo